000 00752nam a2200253Ia 4500
003 OSt
005 20221005024722.0
006 a|||||r|||| 00| 0
007 ta
008 221004b |||||||| |||| 00| 0 eng d
020 _a0754621324
024 _a77851
037 _cTextual
040 _aCRL
_cCRL
_beng
041 _2eng
_aeng
082 _aW:5.1-1, P1
100 _aHammer Leonard M
_9580967
245 0 _aInternational human right to freedom of conscience
_b Some suggestions ofr its development and application
260 _aBurlington
_bAshgate Publishing Company USA
_c2001
300 _a301p.
_ccm.
650 _aPOLITICAL SCIENCE
942 _hW:5.1-1, P1
_cTEXL
_2cc
999 _c933317
_d933317